[Event "Olympiad Women-44"]
[Site "Chennai"]
[Date "2022.08.07"]
[Round "9.4"]
[White "Leung, Hoi Ting"]
[Black "Gonzalez Peguero, Mary Loly"]
[Result "0-1"]
[WhiteElo "1277"]
[BlackElo "1666"]
[PlyCount "128"]
[EventDate "2022.07.29"]
[EventType "team-swiss"]
[EventRounds "11"]
[EventCountry "IND"]
[SourceTitle "CBM 210"]
[Source "ChessBase"]
[SourceDate "2022.10.31"]
[SourceVersion "1"]
[SourceVersionDate "2022.10.31"]
[SourceQuality "1"]
[WhiteTeam "Hong Kong (W)"]
[BlackTeam "Dominican Republic (W)"]
[WhiteTeamCountry "HKG"]
[BlackTeamCountry "DOM"]

1. d4 Nf6 2. c4 g6 3. Nf3 Bg7 4. Nc3 0-0 5. e4 d6 6. Be2 e5 7. dxe5 dxe5 8. Qxd8 Rxd8 9. Bg5 Re8 10. Rd1 Nc6 11. Bxf6 Bxf6 12. Nd5 Bd8 13. 0-0 Bg4 14. h3 Bxf3 15. Bxf3 Nd4 16. Bg4 c6 17. Nc3 h5 18. Be2 Ba5 19. Bd3 Bxc3 20. bxc3 Ne6 21. Bc2 Rad8 22. Rxd8 Rxd8 23. Rd1 Rxd1+ 24. Bxd1 Kf8 25. Bc2 Ke7 26. Bb3 Nc5 27. Bc2 Kd6 28. Kf1 Ne6 29. g3 Kc5 30. Bd3 Nc7 31. Ke2 Ne8 32. Bc2 Nd6 33. Kd3 Nxc4 34. Bb3 Nd6 35. Ke3 b5 36. Kd3 a5 37. a3 Kb6 38. Ba2 c5 39. Bd5 c4+ 40. Ke3 Kc5 41. f3 g5 42. g4 h4 43. Kd2 f6 44. Be6 b4 45. cxb4+ axb4 46. axb4+ Kxb4 47. Bd7 Nb5 48. Bxb5 Kxb5 49. Kc3 Kc5 50. Kc2 Kd4 51. Kd2 c3+ 52. Kc2 Ke3 53. Kxc3 Kxf3 54. Kd3 Kf4 55. Ke2 Kxe4 56. Kf2 Kd3 57. Ke1 Ke3 58. Kf1 Kd2 59. Kf2 e4 60. Kf1 e3 61. Kg2 e2 62. Kh2 e1Q 63. Kg2 Qg3+ 64. Kh1 Qxh3+ 0-1

[Event "DOM-ch (Women)"]
[Site "Santo Domingo"]
[Date "2021.04.10"]
[Round "2"]
[White "Gonzalez Peguero, Mary Loly"]
[Black "Munoz Bonifacio, Elena Julia"]
[Result "1-0"]
[WhiteElo "1697"]
[BlackElo "1304"]
[PlyCount "45"]
[EventDate "2021.04.09"]
[EventType "swiss"]
[EventRounds "8"]
[EventCountry "DOM"]
[SourceTitle "CBM 202 Extra"]
[Source "ChessBase"]
[SourceDate "2021.07.31"]
[SourceVersion "1"]
[SourceVersionDate "2021.07.31"]
[SourceQuality "1"]

1. Nf3 e6 2. g3 d5 3. Bg2 Nf6 4. d3 Nc6 5. Nbd2 Bc5 6. 0-0 b6 7. c3 Bb7 8. b4 Bd6 9. e4 e5 10. Re1 Qd7 11. Qb3 Ne7 12. exd5 Bxd5 13. c4 Bxf3 14. Nxf3 Ng6 15. Bb2 Qe7 16. Nxe5 Bxe5 17. Bxe5 Nxe5 18. d4 0-0 19. dxe5 Rae8 20. exf6 Qxf6 21. Rad1 Rc8 22. Qa4 Ra8 23. Bxa8 1-0

[Event "DOM-ch (Women)"]
[Site "Santo Domingo"]
[Date "2021.04.09"]
[Round "1"]
[White "Polanco Collado, Laura"]
[Black "Gonzalez Peguero, Mary Loly"]
[Result "0-1"]
[WhiteElo "1215"]
[BlackElo "1697"]
[PlyCount "82"]
[EventDate "2021.04.09"]
[EventType "swiss"]
[EventRounds "8"]
[EventCountry "DOM"]
[SourceTitle "CBM 202 Extra"]
[Source "ChessBase"]
[SourceDate "2021.07.31"]
[SourceVersion "1"]
[SourceVersionDate "2021.07.31"]
[SourceQuality "1"]

1. d4 Nf6 2. Bf4 g6 3. e3 Bg7 4. Nc3 0-0 5. Nf3 d6 6. Be2 Nbd7 7. Qd3 c6 8. 0-0-0 b5 9. a3 a5 10. h3 b4 11. a4 bxc3 12. Qxc3 Qb6 13. g4 Ne4 14. Qe1 Ba6 15. Nd2 Bxe2 16. Qxe2 Ndc5 17. Nxe4 Nxe4 18. f3 Nf6 19. g5 Nd5 20. Bg3 Rab8 21. c3 Nxe3 22. Rd2 Nf5 23. Bf2 Qb3 24. Qd1 Qa2 25. Rc2 Qxa4 26. Kd2 c5 27. Qa1 Qb5 28. d5 c4 29. h4 Qxd5+ 30. Ke1 Qxf3 31. Rf1 Rb5 32. Qd1 Re5+ 33. Re2 Rxe2+ 34. Qxe2 Qxe2+ 35. Kxe2 Rb8 36. Rb1 Bxc3 37. Kf1 Rxb2 38. Rc1 Bd4 39. Be1 Ne3+ 40. Kg1 Ng4+ 41. Kh1 Rh2# 0-1

[Event "Online Olym Div3 E"]
[Site "Chess.com INT"]
[Date "2020.08.08"]
[Round "6.5"]
[White "Torres Hernandez, Leslie Carolin"]
[Black "Gonzalez Peguero, Mary Loly"]
[Result "0-1"]
[WhiteElo "1884"]
[BlackElo "1697"]
[PlyCount "68"]
[EventDate "2020.08.07"]
[EventType "team-tourn (rapid)"]
[EventRounds "9"]
[EventCountry "USA"]
[SourceTitle "CBM 198"]
[Source "ChessBase"]
[SourceDate "2020.10.31"]
[SourceVersion "1"]
[SourceVersionDate "2020.10.31"]
[SourceQuality "1"]
[WhiteTeam "Honduras"]
[BlackTeam "Dominican Republic"]
[WhiteTeamCountry "HON"]
[BlackTeamCountry "DOM"]

1. e4 d6 2. Nc3 g6 3. g3 Bg7 4. Bg2 Nf6 5. d3 c6 6. Nge2 0-0 7. 0-0 Qa5 8. Bd2 Qh5 9. Qc1 e5 10. f4 Bh3 11. Bf3 Bg4 12. Bxg4 Nxg4 13. h4 exf4 14. Nxf4 Qc5+ 15. Kg2 h5 16. Nce2 Nd7 17. c3 Qb6 18. Ng1 Nde5 19. Nf3 Nxf3 20. Rxf3 Rad8 21. Qc2 d5 22. exd5 cxd5 23. d4 Rfe8 24. Rff1 Re4 25. Nxd5 Re2+ 26. Kh1 Rh2+ 27. Kg1 Rxd5 28. Qe4 Bxd4+ 29. cxd4 Qxd4+ 30. Qxd4 Rxd4 31. Bc3 Rd3 32. Rfd1 Rxg3+ 33. Kf1 Ne3+ 34. Ke1 Rg1# 0-1